书目信息 |
| 题名: |
绿色生活一本通
|
|
| 作者: | 李志刚 编著 ;孙岳 绘图 | |
| 分册: | ||
| 出版信息: | 桂林 广西师范大学出版社 2009 |
|
| 页数: | 225页 | |
| 开本: | 23cm | |
| 丛书名: | ||
| 单 册: | ||
| 中图分类: | X-49 | |
| 科图分类: | ||
| 主题词: | 环境保护--普及读物 , 环境保护 | |
| 电子资源: | ||
| ISBN: | 978-7-5633-9004-5 | |
| 000 | 00998nam0 2200265 45 | |
| 001 | 1033008250 | |
| 005 | 20100407095408.79 | |
| 010 | @a978-7-5633-9004-5@dCNY29.00 | |
| 100 | @a20100331d2009 em y0chiy50 ea | |
| 101 | 0 | @achi |
| 102 | @aCN@b450000 | |
| 105 | @aa z 000yy | |
| 106 | @ar | |
| 200 | 1 | @a绿色生活一本通@ALu^ Se Sheng Huo Yi Ben Tong@f李志刚编著@FLi Zhi Gang Bian Zhu@g孙岳绘图 |
| 210 | @a桂林@c广西师范大学出版社@d2009 | |
| 215 | @a225页@c彩图@d23cm | |
| 300 | @a中国公民环保读本 “SEE杯环保写作奖”获奖作品 阿拉善SEE生态协会(SEE基金会)资助项目 | |
| 330 | @a本书是全面介绍绿色生活方式的新环保读本,全书将故事情境设置为现代职场,以系列情景小品的形式,在办公室的故事当中,巧妙地介绍各种日常环保知识,生动机趣地传播绿色生活概念。 | |
| 606 | 0 | @a环境保护@j普及读物 |
| 606 | 0 | @a环境保护 |
| 690 | @aX-49@v4 | |
| 701 | 0 | @a李志刚@ALi Zhi Gang@f(1972~)@4编著 |
| 702 | 0 | @a孙岳@ASun Yue@c(绘画)@4绘图 |
| 801 | 0 | @aCN@bTANGWEI@c20100407 |
| 905 | @b0587435-39@dX-49@e186@f5 | |
| 绿色生活一本通/李志刚编著/孙岳绘图.-桂林:广西师范大学出版社,2009 |
| 225页:彩图;23cm |
| 中国公民环保读本 “SEE杯环保写作奖”获奖作品 阿拉善SEE生态协会(SEE基金会)资助项目 |
| ISBN 978-7-5633-9004-5:CNY29.00 |
| 本书是全面介绍绿色生活方式的新环保读本,全书将故事情境设置为现代职场,以系列情景小品的形式,在办公室的故事当中,巧妙地介绍各种日常环保知识,生动机趣地传播绿色生活概念。 |
| ● |
| 相关链接 |
|
|
|
|
正题名:绿色生活一本通
索取号:X-49/186
 
预约/预借
| 序号 | 登录号 | 条形码 | 馆藏地/架位号 | 状态 | 备注 |
| 1 | 0587435 | 205874357 | 第二样本阅览室/ [索取号:X-49/186] | 在馆 | |
| 2 | 0587436 | 205874366 | 第三借阅区/ [索取号:X-49/186] | 在馆 | |
| 3 | 0587437 | 205874375 | 第三借阅区/ [索取号:X-49/186] | 在馆 | |
| 4 | 0587438 | 205874384 | 第三借阅区/ [索取号:X-49/186] | 在馆 | |
| 5 | 0587439 | 205874393 | 第三借阅区/ [索取号:X-49/186] | 在馆 |